| 000 | 00543nam a2200205 i 4500 | ||
|---|---|---|---|
| 001 | 27521 | ||
| 003 | ES-MaACL | ||
| 005 | 20250709210339.0 | ||
| 007 | t| | ||
| 008 | 030114s1952 sp ||||1| spa d | ||
| 100 | 1 |
_aAyesta, Julián. _924154 |
|
| 245 | 1 | 0 |
_aHelena o el Mar del verano / _cJulián Ayesta. |
| 260 |
_aMadrid : _bInsula, _c1952 ( _fS. Aguirre) |
||
| 300 | _a91 p. | ||
| 490 | 1 | _aInsula | |
| 740 | 3 | _aEl mar del verano. | |
| 830 | 0 | 0 |
_aÍnsula _9181654 |
| 852 |
_aES-MaACL _j1954-F-14 _bR.32543 |
||
| 999 |
_c27521 _d27521 |
||